LEADER 00734nam a2200181 i 4500 001 000000214672 003 CaOOAMICUS 005 20250505170738.0 008 120731s1902 xx u000 u lat u 013 $a193543 040 $aSeMil$bita 245 10$aPars 1. canonica Ordine chronologico disposita. 3. 300 $a564 p. 773 0 $aGregorius XVI $tActa Gregorii Papae 16. scilicet Constitutiones, Bullae, Litterae Apostolicae, Epistolae.$dRomae : Typographia Polyglotta, 1901.$g3$w()512 850 $aSeMil 852 $aSeMil$W1$xVenegono$y1$m2H V 17$j165093$B165093$CSeMilBibl$Z2$F176051 $81 996 $6245$aPars 1. canonica Ordine chronologico disposita. 3$9(OLS)http://semarc/title/309264 LEADER 00605nam a2200181 i 4500 001 000000197329 003 CaOOAMICUS 005 20110805000000.0 008 110805s1834 it u000 u ita u 013 $a176016 040 $aSeMil$bita 245 10$aVol. 1. 300 $a225, [3] p., [1] c. di tav. :$bill. 773 0 $aRosini, Giovanni <1776-1885>$tLuisa Strozzi.$dMilano : Per G. Truffi e C., 1834.$g1$w()24263 850 $aSeMil 852 $aSeMil$W1$xVenegono$y1$m1O II 32 FA$j147888$B147888$CSeMilBibl$Z2$F166272 $8I 961 $aRecupero: Altro 996 $6245$aVol. 1$9(OLS)http://semarc/title/13429 LEADER 01313nam a2200241 i 4500 001 000000090821 003 CaOOAMICUS 005 20151221000000.0 008 151221s1710 it u000 u ita u 013 $a63063 026 $ae-m- r.i* s.a, elAq (3) 1710 (A) - [*= ae] 040 $aSeMil$bita 245 10$aVita del ven. servo di Dio p. Lorenzo da Brindisi, generale de' frati minori capuccini di s. Francesco. Descritta da f. Angelo Maria De' Rossi da Voltaggio .. 260 $aIn Roma :$bPer il Bernaḅ,$c1710. 300 $a[24], 351, [1] p. ;$c4º. 500 $aEmblema xilogr. dei Cappuccini sul front. - Cors. ; rom. - Segn. : pg2 a-b4 c2 A-2X4. - Iniz., fregi xilogr. 600 04$aLorenzo : da Brindisi .$0(OLS)http://semarc/subject/4262 700 1 $aDe Rossi, Angelo Maria .$0(OLS)http://semarc/name/40741 700 1 $aBernaḅ,$c.$0(OLS)http://semarc/name/12541 850 $aSeMil 852 $aSeMil$W1$xVenegono$y1$m3H III 20 FA$j53788$B53788$CSeMilBibl$Z2$F58422 $8I 996 $6245$aVita del ven. servo di Dio p. Lorenzo da Brindisi, generale de' frati minori capuccini di s. Francesco. Descritta da f. Angelo Maria De' Rossi da Voltaggio ..$9(OLS)http://semarc/title/136848 996 $6260$aIn Roma :$bPer il Bernaḅ$9(OLS)http://semarc/publisher/43683